Worldwide destinations : (Record no. 24927)
[ view plain ]
| 000 -LEADER | |
|---|---|
| fixed length control field | 00618nam a2200217 a 4500 |
| 003 - CONTROL NUMBER IDENTIFIER | |
| control field | PILC |
| 005 - DATE AND TIME OF LATEST TRANSACTION | |
| control field | 20160222152200.0 |
| 008 - FIXED-LENGTH DATA ELEMENTS--GENERAL INFORMATION | |
| fixed length control field | 111011s19uu xx 00 eng d |
| 020 ## - INTERNATIONAL STANDARD BOOK NUMBER | |
| International Standard Book Number | 9780750689472 |
| 050 ## - LIBRARY OF CONGRESS CALL NUMBER | |
| Classification number | G 155.A1 |
| Item number | .B553 2012 |
| 100 ## - MAIN ENTRY--PERSONAL NAME | |
| Personal name | Boniface, Brian. |
| 245 ## - TITLE STATEMENT | |
| Title | Worldwide destinations : |
| Remainder of title | the geography of travel and tourism / |
| Statement of responsibility, etc | Brian Boniface and Chris Cooper. |
| 250 ## - EDITION STATEMENT | |
| Edition statement | 5th edition. |
| 260 ## - PUBLICATION, DISTRIBUTION, ETC. (IMPRINT) | |
| Place of publication, distribution, etc | Amsterdam : |
| Name of publisher, distributor, etc | Elsevier, |
| Date of publication, distribution, etc | 2009. |
| 300 ## - PHYSICAL DESCRIPTION | |
| Extent | 644 pages ; |
| Dimensions | 25 cm. |
| 650 ## - SUBJECT ADDED ENTRY--TOPICAL TERM | |
| Topical term or geographic name as entry element | Tourist trade. |
| 650 ## - SUBJECT ADDED ENTRY--TOPICAL TERM | |
| Topical term or geographic name as entry element | Travel. |
| 700 ## - ADDED ENTRY--PERSONAL NAME | |
| Personal name | Cooper, Chris. |
| 942 ## - ADDED ENTRY ELEMENTS (KOHA) | |
| Koha item type | Books |
| Source of classification or shelving scheme | Library of Congress Classification |
| Call number prefix | Foreign |
| Withdrawn status | Lost status | Source of classification or shelving scheme | Damaged status | Home library | Current library | Shelving location | Date acquired | Source of acquisition | Total Checkouts | Full call number | Barcode | Date last seen | Copy number | Price effective from | Koha item type |
|---|---|---|---|---|---|---|---|---|---|---|---|---|---|---|---|
| Library of Congress Classification | College Library | College Library | General Circulation Section | 10/11/2011 | Library Fund | G 155.A1 .B553 2009 | C13704 | 05/15/2018 | 1 | 03/10/2014 | Books |